000 00852nam a22002297a 4500
999 _c3931
_d3931
003 AR-CdUCM
008 190307b ||||| |||| 00| 0 spa d
020 _a84-279-0636-6
040 _aMUNICIPALIDAD PROVINCIAL DEL CUSCO
_cBIBLIOTECA MUNICIPAL DEL CUSCO
082 _a838.9 /
_bB72
100 _aBöll, Heinrich
_99411
245 _aAlgo va a suceder y otros relatos :
_bY otros relatos 1950-1970 /
260 _aBarcelona :
_bNoguer,
_c1974.
300 _a274 paginas ;
_c22 cm.
505 _aContenido :Algo va ha suceder -- Dias de navidad -- Diario en la capital -- Cuando termia la guerra -- Llego como repartidor de cerveza ...
650 _aCuentos alemanes
_910086
650 _aLiteratura del siglo XX
_97647
650 _aLiteratura alemana
_993
700 _aBeneyto, Maria (traductora)
_912594
942 _2ddc
_cLIBROS
945 _arum